| 000 | 01140nam a22002537a 4500 | ||
|---|---|---|---|
| 999 |
_c21347 _d21347 |
||
| 003 | AR-CdUCM | ||
| 008 | 190514b ||||| |||| 00| 0 spa d | ||
| 020 | _a9786124236129 | ||
| 040 |
_aMUNICIPALIDAD PROVINCIAL DEL CUSCO _cBIBLIOTECA MUNICIPAL DEL CUSCO |
||
| 082 |
_a277.081/P75D _bP75D |
||
| 100 |
_aPolia Meconi, Mario _922062 |
||
| 245 |
_aDocumentos inéditos del archivo romano de la Compañía de Jesús : _blos ministros de los cultos autóctonos andinos sacerdotes, terapeutas, adivinos y brujos / |
||
| 260 |
_aLima : _bGráfica Real, _c2017. |
||
| 300 |
_a550 Páginas. : _bilustraciones en color ; _c23x17 cm. |
||
| 505 | _aContenido: Los ministros de los cultos autóctonos sacerdotes, terapéutas, adivinos -- Iniciaciones de los ministros del culto -- Los mitos -- El culto -- El concepto de Huaca ... | ||
| 650 |
_aReligión andina _96633 |
||
| 650 |
_aReligión católica _944513 |
||
| 650 |
_aReligiosidad andina _944127 |
||
| 650 |
_aFuentes escritas _92045 |
||
| 650 |
_aCompoñia de Jesús _944514 |
||
| 710 |
_aUniversidad Nacional de San Antonio Abad del Cusco _915942 |
||
| 942 |
_2ddc _cLIBROS |
||
| 945 | _aRoel | ||